Proyecto de la red de riego para la zona de Río Colorado y Eugenio del Busto, pcia. de Río Negro : Planos /

Guardado en:
Autor Corporativo: Argentina. Ministerio de Economía. Secretaría de Estado de Energía y Combustibles. Agua y Energía Eléctrica.
Formato: Libro
Idioma:Spanish
Publicado: Buenos Aires : Ministerio de Economía. Secretaría de Estado de Energía y Combustibles, 1962.
Etiquetas: Agregar Etiqueta
Sin Etiquetas, Sea el primero en etiquetar este registro!
LEADER 00669nam a22001335a 4500
001 EEA.libagro004271
005 20190314125144.0
008 130809s1962####ag############000#0#spa#d
082 0 4 |a 627.52 
245 1 0 |a Proyecto de la red de riego para la zona de Río Colorado y Eugenio del Busto, pcia. de Río Negro :  |b Planos /  |c Agua y Energía Eléctrica. 
260 |a Buenos Aires :  |b Ministerio de Economía. Secretaría de Estado de Energía y Combustibles,  |c 1962. 
300 |a 58 planos ;  |c 44x34 cm. 
710 2 |a Argentina.  |b Ministerio de Economía.  |b Secretaría de Estado de Energía y Combustibles.  |b Agua y Energía Eléctrica. 
859 |a AR-BbBCA  |b BIB. AGRONOMIA  |h 627.52  |i A691  |p 1990/1512